IFRIC 19 Vysporiadanie finančných záväzkov kapitálovými nástrojmi (nová interpretácia)

Nová interpretácia, ktorá poskytuje pravidlá, ako aplikovať ustanovenia IAS 39 Finančné nástroje: vykazovanie a oceňovanie a IAS 32 Finančné nástroje: prezentácia, v situáciách, kedy podnik emituje svoje vlastné kapitálové nástroje s cieľom vysporiadať s nimi finančný záväzok alebo jeho časť. Rozsah...

ver descrição completa

Na minha lista:
Detalhes bibliográficos
Autor principal: Mokošová, Daša, 1979-
Outros Autores: Vašek, Libor
Formato: Capítulo de Livro
Idioma:eslovaco
Assuntos:
Tags: Adicionar Tag
Sem tags, seja o primeiro a adicionar uma tag!

MARC

LEADER 00000naa$a2200000$$$4500
001 0112797
005 20240502072243.9
041 0 |a slo 
044 |a SK 
245 1 0 |a IFRIC 19 Vysporiadanie finančných záväzkov kapitálovými nástrojmi (nová interpretácia)  |c Daša Mokošová, Libor Vašek 
520 |a Nová interpretácia, ktorá poskytuje pravidlá, ako aplikovať ustanovenia IAS 39 Finančné nástroje: vykazovanie a oceňovanie a IAS 32 Finančné nástroje: prezentácia, v situáciách, kedy podnik emituje svoje vlastné kapitálové nástroje s cieľom vysporiadať s nimi finančný záväzok alebo jeho časť. Rozsah a hlavné body interpretácie. Účinnosť a porovnateľné informácie. Príklady z praxe. 
610 2 0 |a účtovníctvo 
610 2 0 |a štandardy účtovné medzinárodné 
610 2 0 |a nástroje finančné 
610 2 0 |a výkazy finančné 
610 2 0 |a oceňovanie 
610 2 0 |a záväzky 
610 2 0 |a kapitál 
100 1 |a Mokošová, Daša, 1979- 
700 1 |a Vašek, Libor